000 00544nam a22001697a 4500
003 OSt
005 20120302151201.0
008 091006t xxu||||| |||| 00| 0 eng d
035 _a१५०११
040 _cमराठी
100 _aमहाबळ, अनिल
_99168
222 _aपक्षी/ पक्षी निरीक्षण
245 _aचला पक्ष्यांच्या दुनियेत
260 _aपुणे
_bजयदीप
300 _b४० पाने
942 _2ddc
_cBOOK
999 _c493965
_d493962